| 000 | 00400cam a22001217a 4500 | ||
|---|---|---|---|
| 008 | 180718b1965 xxu||||| |||| 00| 0 eng d | ||
| 082 | _aA2:B Am35 | ||
| 100 | _aAmerican Behavioral Scientist | ||
| 245 | _aAB's guide to recent publications in the social and behavioral sciences | ||
| 260 |
_aNew York _bAmerican Behavioral Scientist _c1965 |
||
| 300 | _a781p. | ||
| 650 | _aSocial sciences - Bibliography | ||
| 999 |
_c357332 _d357332 |
||